Music Quiz

Random Music or Artist Quiz

Cult-like Followings Quiz Stats

 Plays Quiz not verified by Sporcle

Support Sporcle.
Go Orange.
Score 0/12 Timer 04:00
0 Plays Today
Cult-like Following Artist % Correct
BeliebersJustin Bieber
97.2%
Little MonstersLady GaGa
72.7%
KatycatsKaty Perry
72.7%
GlambertsAdam Lambert
69.9%
AnimalsKe$ha
23.8%
FanetsJanet Jackson
23.1%
MaggotsSlipknot
15.4%
DeadheadsThe Grateful Dead
9.8%
HooligansBruno Mars
9.1%
Barbies and KensNiki Minaj
6.3%
Black StarsAvril Lavigne
4.2%
HeartbeatsJessie J
1.4%

You're not logged in!

Compare scores with friends on all Sporcle quizzes.
OR
Log In

From the Vault

Animals Missing 4-Letter Words

by timschurz

What words would animals be missing? Woof? Oink?
Remove Ads.
Support Sporcle.
Get the best of Sporcle when you Go Orange. This ad-free experience offers more features, more stats, and more fun while also helping to support Sporcle. Thank you for becoming a member.

Show Comments

Extras

Created Mar 13, 2011ReportNominate
Tags:Artist Quiz, Song Quiz

Top Quizzes Today


Score Distribution

Your Account Isn't Verified!

In order to create a playlist on Sporcle, you need to verify the email address you used during registration. Go to your Sporcle Settings to finish the process.

Report this User

Report this user for behavior that violates our Community Guidelines.

Details: